The new era of management/ (Record no. 181)
[ view plain ]
| 000 -LEADER | |
|---|---|
| fixed length control field | 00524nac a22001571u 4500 |
| 020 ## - INTERNATIONAL STANDARD BOOK NUMBER | |
| International Standard Book Number | 032432331X |
| 082 ## - DEWEY DECIMAL CLASSIFICATION NUMBER | |
| Classification number | 658 |
| Item number | D124 |
| 090 ## - LOCALLY ASSIGNED LC-TYPE CALL NUMBER (OCLC); LOCAL CALL NUMBER (OCLC) | |
| -- | 181 |
| 100 ## - MAIN ENTRY--PERSONAL NAME | |
| Personal name | Daft, Richard L. |
| 245 ## - TITLE STATEMENT | |
| Title | The new era of management/ |
| Statement of responsibility, etc | Richard L. Daft |
| 250 ## - EDITION STATEMENT | |
| Edition statement | International edition |
| 260 ## - PUBLICATION, DISTRIBUTION, ETC. (IMPRINT) | |
| Place of publication, distribution, etc | Australia: |
| Name of publisher, distributor, etc | Thomson,2006 |
| Date of publication, distribution, etc | 2006 |
| 650 ## - SUBJECT ADDED ENTRY--TOPICAL TERM | |
| Topical term or geographic name as entry element | Management |
| 942 ## - ADDED ENTRY ELEMENTS (KOHA) | |
| Item type | Book - Borrowing |
| Call number prefix | 658D124 |
| Withdrawn status | Item status | Damaged status | Not for loan | Home library | Current library | Shelving location | Date acquired | Source of acquisition | Total Checkouts | Total Renewals | Full call number | Barcode | Date last seen | Date last borrowed | Cost, replacement price | Koha item type |
|---|---|---|---|---|---|---|---|---|---|---|---|---|---|---|---|---|
| Central Library | Central Library | First floor | 08/02/2006 | Purchase | 6 | 4 | 658 DAF | 000004548 | 15/07/2025 | 09/04/2017 | 375.00 | Book - Borrowing |